Science Quiz

Random Science or Country Quiz

Click the Penguin Countries Quiz Stats

Quiz Updated Nov 10, 2017

Challenge
Share
Tweet
Embed
Score 0/12 Timer 05:00
0 Plays Today
% Correct
New Zealand
88.5%
Argentina
86.8%
South Africa
86.2%
Chile
84.9%
Australia
84.6%
Peru
54.4%
Brazil
52.5%
Uruguay
52.2%
Ecuador
47.5%
Mozambique
44.5%
Namibia
39.8%
Angola
30.2%

You're not logged in!

Compare scores with friends on all Sporcle quizzes.
Join for Free
OR
Log In

You Might Also Like...

Show Comments

Extras

Top Quizzes Today


Score Distribution

Your Account Isn't Verified!

In order to create a playlist on Sporcle, you need to verify the email address you used during registration. Go to your Sporcle Settings to finish the process.

Report this User

Report this user for behavior that violates our Community Guidelines.

Details: